000 01564cam a22004454a 4500
001 muse13358
003 MdBmJHUP
005 20210127150937.0
006 m o d
007 cr||||||||nn|n
008 070529s2007 utu o 00 0 eng d
010 _z 2007022448
020 _a9780874216691
020 _z9780874216684 (cloth : alk. paper)
020 _z0874216680 (cloth : alk. paper)
020 _z9780874216707 (pbk. : alk. paper)
020 _z0874216702 (pbk. : alk. paper)
020 _a0874216699
035 _a(OCoLC)437204645
040 _aMdBmJHUP
_cMdBmJHUP
050 0 4 _aPS3618.Z53
_bN43 2007
082 0 _a811/.6
_222
100 1 _aRzicznek, F. Daniel
_q(Frank Daniel),
_d1979-
245 1 0 _aNeck of the World
_cby F. Daniel Rzicznek.
264 1 _bUtah State University Press,
264 3 _bProject MUSE,
300 _a1 online resource (xii, 60 p.)
506 0 _aOpen Access
_fUnrestricted online access
_2star
588 _aDescription based on print version record.
655 7 _aElectronic books.
_2local
710 2 _aProject Muse.
_edistributor
830 0 _aBook collections on Project MUSE.
856 4 0 _zFull text available:
_uhttps://muse.jhu.edu/book/9411/
945 _aProject MUSE - Archive Poetry, Fiction and Creative Non-Fiction Foundation
945 _aProject MUSE - Archive Complete Foundation
999 _c24056
_d24056